000 00367nam a2200133Ia 4500
008 220204s9999 xx 000 0 und d
082 _a576.35
_bROS
100 _aGIFFORD, Ernest M
245 0 _aMechanisms and control of cell division
260 _aPensylvania
_bDowden Hutchinson & Ross
_c1977
650 _aCell division
700 _aROST, Thomas L
942 _cBK
999 _c26860
_d26860